Ancient Greece Quiz – Hard - Statistics

General Stats
  • This quiz has been taken 9 times
  • The average score is 3 of 15
Answer Stats
Hint Answer % Correct
Greek philosopher who was the teacher of Alexander the Great Aristotle
100%
Military alliance between Greek city-states created at the end of the Persian Wars Delian League
44%
Port of Athens Piraeus
33%
Board of five annual magistrates in Sparta responsible for overseeing the kings Ephors
22%
Ancient Greek colony, meaning “distance from home” Apoikia
11%
Council of Elders / Oligarchic council of the Eupatridae / Hill of Athens Areopagus
11%
Naval battle that opposed the Greeks and the Persians in 480 BC Battle of Salamis
11%
Small assembly of citizens responsible for the city’s laws, composed of 500 members Boule
11%
Name given to the expulsion of an Athenian citizen for ten years by vote in the Ecclesia Ostracism
11%
Female tunic in the Doric style Peplos
11%
Column without a base, with a simple capital consisting of an echinus and abacus Doric order
0%
Period of civic and military training lasting two years for young men aged eighteen to twenty in Athens Ephebia
0%
Religious festival in honor of Athena, including a procession and competitions Great Panathenaea
0%
Place where Athenians administered justice, a popular court traditionally attributed to Solon Heliaia
0%
Military alliance between several Greek city-states Symmachy
0%
No matching quizzes found
Score Distribution
Percent of People with Each Score
Percentile by Number Answered
Your Score History
You have not taken this quiz